Learning through stamps. Volume 1 : The world of art World of art (Record no. 2479)

000 -LEADER
fixed length control field 00421nam a22001097a 4500
008 - FIXED-LENGTH DATA ELEMENTS--GENERAL INFORMATION
fixed length control field 170821b xxu||||| |||| 00| 0 eng d
100 ## - MAIN ENTRY--AUTHOR'S NAME
Author's Name Gemming, Elizabeth
245 ## - TITLE STATEMENT
Title Learning through stamps. Volume 1 : The world of art World of art
260 ## - PUBLICATION, DISTRIBUTION, ETC. (IMPRINT)
Name of publisher, distributor, etc. Barre, MA
Date of publication, distribution, etc. Barre Publishers
Plate or publisher's number for music (Pre-AACR 2) [OBSOLETE, CAN/MARC], [LOCAL, USA] 1968
650 ## - TOPICAL TERM (Tag)
Topical term or geographic name Topical Collecting | Art and Artists | Educational Aspects of Collecting | Archeology | Architecture
700 ## - SECONDARY AUTHOR, EDITOR OR ILLUSTRATOR
Personal Name Gemming, Klaus
Holdings
Withdrawn status Lost status Source of classification or shelving scheme Damaged status Koha normalized classification for sorting Not for loan Collection code Permanent Location Current Location Shelving location Date acquired Total Checkouts Full call number Barcode Date last seen Copy number Price effective from
        G3201 C697 G323     Northern Philatelic Library Northern Philatelic Library General Stacks 08/21/2017   G3201 C697 G323 1002973 08/21/2017 1 08/21/2017

Powered by Koha